<?xml version="1.0" encoding="UTF-8"?>
<collection xmlns="http://www.loc.gov/MARC21/slim">
 <record>
  <leader>00559na  a2200193   4500</leader>
  <controlfield tag="001">000032532</controlfield>
  <controlfield tag="003">8630</controlfield>
  <controlfield tag="005">20151002110538.0</controlfield>
  <controlfield tag="008">151002s2012                  000</controlfield>
  <datafield tag="082" ind1=" " ind2=" ">
   <subfield code="a">420.4</subfield>
  </datafield>
  <datafield tag="100" ind1=" " ind2=" ">
   <subfield code="a">Nguyễn Lê Diên Vi</subfield>
  </datafield>
  <datafield tag="245" ind1=" " ind2=" ">
   <subfield code="a">An Analysis of Linguistic Features of Vietnameseand English Welcoming Expressions in Conference Context</subfield>
   <subfield code="c">Nguyễn Lê Diên Vi</subfield>
  </datafield>
  <datafield tag="260" ind1=" " ind2=" ">
   <subfield code="c">2012</subfield>
  </datafield>
  <datafield tag="OWN" ind1=" " ind2=" ">
   <subfield code="a">LNN</subfield>
  </datafield>
  <datafield tag="999" ind1=" " ind2=" ">
   <subfield code="a">From the UDN01</subfield>
  </datafield>
  <datafield tag="TYP" ind1=" " ind2=" ">
   <subfield code="a">Printed language</subfield>
  </datafield>
  <datafield tag="980" ind1=" " ind2=" ">
   <subfield code="a">Mạng thư viện Đại học Đà Nẵng</subfield>
  </datafield>
 </record>
</collection>
